Lappeenrannan kaupunginosat - Statistics

Yleistilastot
  • Tätä visaa on pelattu 311 kertaa
    310 viimeisimmän päivityksen jälkeen
  • Keskiarvotulos 25 / 63
Vastaustilastot
Path ID Suurpiiri Kaupunginosa % Oikein
42 Lauritsalan alue Lauritsala
87%
53 Läntinen alue Sammonlahti
83%
24 Keskustan alue Keskus
81%
31 Keskustan alue Pallo-Tyysterniemi
76%
55 Läntinen alue Skinnarila
76%
60 Pohjoinen alue Pallo-Tyysterniemi
71%
62 Pohjoinen alue Voisalmi
67%
47 Läntinen alue Kourula
63%
26 Keskustan alue Kimpinen
62%
59 Pohjoinen alue Kivisalmi
62%
7 Eteläinen alue Myllymäki
61%
39 Lauritsalan alue Kaukas
58%
30 Keskustan alue Linnoitus
58%
46 Lauritsalan alue Tirilä
58%
4 Eteläinen alue Karhuvuori
56%
49 Läntinen alue Lavola
56%
56 Läntinen alue Uus-Lavola
56%
35 Keskustan alue Tykki-Kiviharju
54%
8 Eteläinen alue Mäntylä
53%
28 Keskustan alue Leiri
52%
22 Keskustan alue Alakylä
51%
25 Keskustan alue Kesämäki
51%
23 Keskustan alue Harapainen
49%
38 Lauritsalan alue Kanavansuu
48%
36 Lauritsalan alue Hakali
46%
6 Eteläinen alue Mattila
46%
43 Lauritsalan alue Mustola
46%
15 Joutsenon keskustaajama Pulp
45%
48 Läntinen alue Kuusimäki
40%
5 Eteläinen alue Kuusela
39%
63 Ylämaa Ylämaa
39%
41 Lauritsalan alue Lapvesi
37%
57 Nuijamaa Nuijamaa
37%
51 Läntinen alue Ruoholampi
37%
27 Keskustan alue Kylpylä
35%
58 Pohjoinen alue Kariniemi
32%
10 Joutsenon keskustaajama Ahvenlampi
31%
1 Eteläinen alue Hiessilta
31%
13 Joutsenon keskustaajama Lampikangas
31%
44 Lauritsalan alue Mälkiä
31%
45 Lauritsalan alue Parkkarila
31%
52 Läntinen alue Rutola
31%
20 Joutsenon Korvenniemi Rauha
30%
32 Keskustan alue Peltola
26%
50 Läntinen alue Lentokenttä
24%
37 Lauritsalan alue Hartikkala
23%
40 Lauritsalan alue Laihia
23%
29 Keskustan alue Lepola
22%
9 Eteläinen alue Pajarila
21%
11 Joutsenon keskustaajama Honkalahti
19%
33 Keskustan alue Reijola
19%
34 Keskustan alue Taikinamäki
19%
2 Eteläinen alue Hyrymäki
18%
12 Joutsenon keskustaajama Kesola
16%
3 Eteläinen alue Ihalainen
15%
14 Joutsenon keskustaajama Lintukangas
15%
54 Läntinen alue Selkäharju
8%
17 Joutsenon keskustaajama Pöyhiänniemi
7%
16 Joutsenon keskustaajama Putkinotko
7%
61 Pohjoinen alue Suolahti
5%
18 Joutsenon Korvenniemi Hiekkapelto
4%
19 Joutsenon Korvenniemi Korvenkeskus
3%
21 Joutsenon Korvenniemi Vesivalo
2%
Ehtoja vastaavia visoja ei löytynyt
Tulosjakauma
Jokaisen tuloksen saaneiden osuus
Persentiili vastausten määrän mukaan
Tuloshistoriasi
Et ole pelannut tätä visaa sen viimeisimmän päivityksen jälkeen